Atchley's builders' price book for 1869 (Record no. 113954)

MARC details
000 -LEADER
fixed length control field 00762cam a22001935a 4500
001 - CONTROL NUMBER
control field L155974
008 - FIXED-LENGTH DATA ELEMENTS--GENERAL INFORMATION
fixed length control field 120424s1869 xxk f 000 0 eng d
035 ## - SYSTEM CONTROL NUMBER
System control number (Sirsi) u155974
041 0# - LANGUAGE CODE
Language code of text/sound track or separate title eng
110 2# - MAIN ENTRY--CORPORATE NAME
Corporate name or jurisdiction name as entry element Atchley and Co.
9 (RLIN) 6046
245 00 - TITLE STATEMENT
Title Atchley's builders' price book for 1869
Remainder of title containing a complete list of the present prices of builders' materials and labour, and of all trades in connection with building ... arranged for the use of architects ... &c.
Statement of responsibility, etc. by P. Thompson ...
260 ## - PUBLICATION, DISTRIBUTION, ETC.
Place of publication, distribution, etc. [London]
Name of publisher, distributor, etc. Atchley and Co.
Date of publication, distribution, etc. 1868
300 ## - PHYSICAL DESCRIPTION
Extent 12, xii, 348, [84] p.
Dimensions 17 cm.
583 ## - ACTION NOTE
Action Condition reviewed
Time/date of action 20120620
Status condition level 1
651 #4 - SUBJECT ADDED ENTRY--GEOGRAPHIC NAME
Geographic name Great Britain
Chronological subdivision 1707-
690 ## - LOCAL SUBJECT ADDED ENTRY--TOPICAL TERM (OCLC, RLIN)
Topical term or geographic name as entry element Construction management
9 (RLIN) 6230
700 1# - ADDED ENTRY--PERSONAL NAME
Personal name Thompson, P.
942 ## - ADDED ENTRY ELEMENTS (KOHA)
Suppress in OPAC 0
Holdings
Withdrawn status Lost status Damaged status Not for loan Home library Current library Shelving location Date acquired Total Checkouts Full call number Barcode Date last seen Copy number Price effective from Koha item type
        Historic collection Historic collection Historic collection 24/04/2012   PRICE OCTAVO 1869 ATCHLEY 30077862 20/08/2025 1 06/08/2019 Book